| 000 | 00726nam a2200241 i 4500 | ||
|---|---|---|---|
| 001 | 68058 | ||
| 003 | ES-MaACL | ||
| 005 | 20250815085325.0 | ||
| 007 | t| | ||
| 008 | 040217s1975 sp ||||1| spa d | ||
| 020 | _a84-03-20203-2 | ||
| 100 | 1 |
_aGamow, George. _953809 |
|
| 245 | 1 | 0 |
_aFísica / _cGeorge Gamow y John M. Cleveland ; versión Albino Yusta Almarza. |
| 260 |
_a[Madrid] : _bAguilar, _c[1975] |
||
| 300 |
_aXIX, 580 p. : _bil. ; _c24 cm. |
||
| 490 | 1 | _aCiencia y técnica | |
| 650 | 7 |
_aFísica _2embne _912877 |
|
| 700 | 1 |
_aCleveland, John M. _939243 |
|
| 700 | 1 |
_aYusta Almarza, Albino. _9117753 |
|
| 830 | 1 | 0 |
_aCiencia y técnica _9177702 |
| 852 |
_aES-MaACL _jE-7819 |
||
| 999 |
_c68058 _d68058 |
||